Bienvenue au Catalogue en Ligne des Bibliothèques de l'Universite du Burundi

Contribution à l'étude des plantes utilisées dans la médecine vétérinaire traditionnelle au Burundi (Record no. 18653)

000 -GUIDE
Champ de contrôle de longueur fixe 01014nam a22002537a 4500
003 - IDENTITÉ DU NUMÉRO DE CONTRÔLE
Champ de contrôle BI-BuBU
008 - ÉLÉMENTS DE LONGUEUR FIXE - RENSEIGNEMENTS GÉNÉRAUX
Champ de contrôle de longueur fixe 130212s2010 bd ||||dr|||| 000 0 fre d
037 ## - SOURCE D'ACQUISITION
Source d'acquisition et du numéro d'inventaire don
039 ## - NIVEAU DE CONTRÔLE BIBLIOGRAPHIQUE ET HISTORIQUE D'ENCODAGE [OBSOLETE]
Date creation 20130212160725.0
Nom catalographe Godeberthe nsengimana
040 ## - SOURCE DU CATALOGAGE
Organisme qui a effectué le catalogage original BI-BuBU
Code de la langue utilisée dans le catalogage fre
Organisme qui a effectué la transcription BI-BuBU
Organisme qui a effectué la modification BI-BuBU
041 0# - CODE DE LANGUE
Code de langue du texte/de la piste sonore ou du titre distinct fre
080 ## - INDICE DE LA CLASSIFICATION DÉCIMALE UNIVERSELLE (CDU)
Indice de la Classification décimale universelle 633.88.
100 1# - VEDETTE PRINCIPALE - NOM DE PERSONNE
Code de relation aut
Nom de personne Ninganza,charles
245 10 - MENTION DU TITRE
Titre Contribution à l'étude des plantes utilisées dans la médecine vétérinaire traditionnelle au Burundi
Reste du titre cas de la commune Vugizo
Mention de responsabilité, etc. Balthasar Mpawenayo
260 ## - PUBLICATION, DIFFUSION, ETC. (ADRESSE BIBLIOGRAPHIQUE)
Lieu de publication, diffusion, etc. Bujumbura
Nom de l'éditeur, diffuseur, etc. Université du Burundi
Date of publication, distribution, etc 2010
300 ## - DESCRIPTION MATÉRIELLE
Collation VII-72 f.
Dimensions 29 cm.
500 ## - NOTE GÉNÉRALE
Note générale Mémoire de licence.-U.B,2010
650 #7 - VEDETTE-MATIÈRE - NOM COMMUN
Source du terme BI-BuBU
Vedette de sujet ou vedette comportant un nom géographique Médecine vétérinaire traditionnelle.Plante utilisée.
Lieu de l'événement Burundi.
9 (RLIN) 65918
700 ## - VEDETTE SECONDAIRE - NOM DE PERSONNE
Nom d'auteur Mpawenayo Balthazar
9 (RLIN) 65919
710 ## - VEDETTE SECONDAIRE - NOM DE COLLECTIVITÉ
Nom de la collectivité ou nom de lieu comme élément de classement U.B.
9 (RLIN) 65920
942 ## - ÉLÉMENTS D'ENTRÉE ADDITIONNELLE (KOHA)
Source de la classification ou du système de rangement
Type d item koha Memoire
Holdings
Statut de retrait Statut de perte Source de la classification ou du système de rangement Statut de déterioration Exclu du prêt Numéro d item Koha Localisation permanente Localisation actuelle Date d'acquisition Source d'acquisition Nombre de prêts Cote Code-barres Date last seen Numéro d'exemplaire Prix en vigueur à partir du Type d item koha
          30075 Bibliothèque Centrale Bibliothèque Centrale 12/02/2013 Don auteur   633.88.NIN. V 5010000317256 12/02/2013 1 12/02/2013 Memoire
© 2019-2026 - Bibliothèques de l'Université du Burundi |Tous droits réservés
home | Pour toute information urgente Contactez nous | tel whatsupp: +25779204313